000 00801nam a2200205 4500
008 708 N136n
020 _a9786124092527
082 _a708
_bN136n
100 _aRodríguez, Herbert
_97299
245 _aNadie sale vivo de aquí. Herbert Rodríguez:
_bCuatro décadas de insolencia visual. 1979 - 2016
250 _a1a ed.
260 _aLima
_bInstituto Cultural Peruano Norteamericano
_c2017
300 _a202 p.
_bil. (col)
_c31 x 21 cm
505 _tPresentación
_tNadie sale vivo de aquí
_tObras
_tDocumentos
_tBiografía / Bibliografía
_tEnglish Translation
650 _xarte contemporáneo
_xarte - exhibiciones
_xartes visuales - Perú
_xartistas
_97300
700 _aMiró-Quesada, Charles
_97301
710 _aA. Cáceres, Roger
_97302
711 _aA. Muro, Luis
_97303
720 _aTrivelli, Carlo
999 _c1897
_d1897